| 000 | 004920000a22001930004500 | ||
|---|---|---|---|
| 001 | 001839 | ||
| 003 | MACL | ||
| 005 | 20150908120323.0 | ||
| 008 | 150908b xxu||||| |||| 00| 0 eng d | ||
| 040 |
_aMACL _cMACL |
||
| 041 | _aEnglish | ||
| 082 | _a820/HEE | ||
| 100 |
_aHeehs, Peter _94099 |
||
| 245 |
_aThe Essential Writings Of Sri Aurobindo _cPeter Heehs |
||
| 260 |
_aNew Delhi _c1998 _bOxford University Press, |
||
| 350 | _a595 | ||
| 650 |
_aLiterature _99160 |
||
| 942 |
_k820 _cBK _2ddc |
||
| 999 |
_c13755 _d13755 |
||